| 000 | 01590cam a2200385 a 4500 | ||
|---|---|---|---|
| 001 | 15539540 | ||
| 003 | OSt | ||
| 005 | 20251208095339.0 | ||
| 008 | 081201r20091969enka b 000 0 eng | ||
| 010 | _a 2008051747 | ||
| 020 |
_a9780830842223 _qpbk. : alk. paper |
||
| 020 |
_a0830842225 _qpbk. : alk. paper |
||
| 035 | _a15539540 | ||
| 035 | _a(OCoLC)233940171 | ||
| 040 |
_aDLC _cDLC _dYDX _dBTCTA _dBAKER _dYDXCP _dSGB _dDLC |
||
| 050 | 0 | 0 |
_aBS1545.53 _b.T28 2009 |
| 082 | 0 | 0 |
_a224/.407 _222 |
| 100 | 1 |
_aTaylor, John B. _q(John Bernard), _d1929-2016. |
|
| 245 | 1 | 0 |
_aEzekiel : _ban introduction and commentary / _cJohn B. Taylor. |
| 260 |
_aNottingham, England ; _aDowners Grove, IL : _bInterVarsity Press, _c2009. |
||
| 300 |
_a277 p. : _bill. ; _c21 cm. |
||
| 336 |
_atext _btxt _2rdacontent |
||
| 337 |
_aunmediated _bn _2rdamedia |
||
| 338 |
_avolume _bnc _2rdacarrier |
||
| 490 | 1 |
_aTyndale Old Testament commentaries ; _vv. 22 |
|
| 500 | _aOriginally published: London : Tyndale Press, 1969. | ||
| 504 | _aIncludes bibliographical references. | ||
| 630 | 0 | 0 |
_aBible. _pEzekiel _vCommentaries. |
| 655 | 7 |
_aCommentaries. _2lcgft _0https://id.loc.gov/authorities/genreForms/gf2025026014 |
|
| 830 | 0 | _aTyndale Old Testament commentaries. | |
| 906 |
_a7 _bcbc _corignew _d1 _eecip _f20 _gy-gencatlg |
||
| 942 |
_2lcc _cBK |
||
| 999 |
_c20947 _d20946 |
||